Представление документа в формате RUSMARC

ПолеНазваниеЗначение
  Тип записи a
  Библиографический уровень m
001 Контрольный номер RU/ГПНТБ России/KNIGADB/84(2=411.2)6/Г 95-541548326
005 Дата корректировки 20211217160259.7
010 Индекс ISBN __
a ISBN 978-5-04-093282-5
9 Тираж 20000 экз.
d Цена 563-20
100 Данные общей обработки __
a Данные общей обработки 20211020d2018 m y0rusy028902 ca
101 Язык документа 0_
a Язык текста rus
102 Страна публикации __
a Страна публикации RU
105 Кодированные данные (монография) __
a Кодированные данные (монография) y z 000ay
181 Поле кодированных данных: вид содержания _0
a Код вида содержания (ISBD) i
182 Поле кодированных данных: тип средства _0
a Код типа средства (ISBD) n
200 Заглавие и сведения об ответственности 1_
a Заглавие Очень простое открытие
e Сведения, относящиеся к заглавию как превращать возможности в проблемы
f Первые сведения об ответственности Владимир Гуриев
203 Вид содержания и тип средства __
a Вид содержания Текст
c Тип средства непосредственный
210 Выходные данные 1_
a Место издания Москва
c Издательство Бомбора™
c Издательство Э
d Дата издания 2018
215 Физическое описание __
a Объем 287 с.
d Формат 22 см
225 Серия 2_
a Серия Владимир Гуриев
i Наименование части Истории о нас
300 Общие примечания __
a Общие примечания Содержит нецензурную брань
330 Аннотация __
a Аннотация Лучшие тексты суперзвезды российского Фейсбука Владимира Гуриева впервые собраны под одной обложкой. Хорошо ли опаздывать в древнерусскую школу, живем ли мы в симуляции, почему пакеты для молока такие неудобные, от чего вымерли великие русские писатели и поэты, этично ли покупать новую рыбку, если старая еще жива, но приболела - и это только малая часть вопросов, которыми задается автор. Плохая новость: ответов у него обычно нет. Хорошая: следить за поисками обычно очень интересно. И да, если опоздать в древнерусскую школу и потерять тетрадку с домашним заданием, то наверняка останешься в веках.
333 Примечание о целевом назначении __
a Примечание о целевом назначении 18+. Запрещено для детей
517 Другие варианты заглавия 1_
a Другие варианты заглавия Как превращать возможности в проблемы
606 Тематические рубрики __
a Основная рубрика Художественная литература
606 Тематические рубрики __
a Основная рубрика Современная русская литература (произведения)
610 Ключевые слова 1_
a Ключевые слова фейсбук
610 Ключевые слова 1_
a Ключевые слова житейские истории
610 Ключевые слова 1_
a Ключевые слова юмор
610 Ключевые слова 1_
a Ключевые слова ирония
610 Ключевые слова 0_
a Ключевые слова сетевая литература
610 Ключевые слова 0_
a Ключевые слова социальные сети
610 Ключевые слова 0_
a Ключевые слова современная проза
610 Ключевые слова 0_
a Ключевые слова юмористическая литература
610 Ключевые слова 0_
a Ключевые слова ироническая проза
610 Ключевые слова 0_
a Ключевые слова юмористическая проза
686 Индексы других классификаций __
2 Код системы rubbks
a Классификационный индекс 84(2=411.2)6-4; ст84(2=411.2)6-4
700 Автор _1
a Фамилия Гуриев
b Имя В. В.
g Полное личное имя Владимир Владимирович
f Даты 1976-
4 Код отношения 070
801 Источник записи _0
b Организация ГПНТБ России
a Страна RU
c Дата составления 20211020
g Правила каталогизации PSBO
801 Источник записи _1
b Организация ГПНТБ России
a Страна RU
c Дата составления 20211020
g Правила каталогизации PSBO
852 Данные о местонахождении 5_
j Шифр хранения 84(2=411.2)6-4
i Авторский знак Г 95
900 Макрообъекты __
a Макрообъекты Очень простое открытие, 2018
901 Тип документа __
a Ответственный КиК/Котельникова
t Тип документа m
903 Характеристики (МАРС) __
a Дата передачи 20211020
c Наименование библиотеки (МАРС) Муниципальное бюджетное учреждение культуры "Централизованная библиотечная система" г. Сургут (Центральная городская библиотека им. А. С. Пушкина)
990 Данные о заказе (DOS) __
j Количество экземпляров (DOS) 4
t N записи в КСУ для И/У (DOS) 202110